[Event "Hull 4NCL International GM Event"]
[Site "Hull"]
[Date "2019.11.03"]
[Round "8"]
[Board "4"]
[White "Roberson, Peter T"]
[Black "Eggleston, David J"]
[Result "0-1"]
[WhiteElo "2437"]
[BlackElo "2394"]
[PlyCount "0"]
[EventDate "2019.10.30"]
[EventRounds "9"]
[EventCountry "ENG"]

1. d4 {[%clk 01:30:57]} {[%emt 00:00:02]} e6 {[%clk 01:30:00]} {[%emt
00:01:00]} 2. e4 {[%clk 01:28:33]} {[%emt 00:02:55]} d5 {[%clk 01:30:23]}
{[%emt 00:00:07]} 3. e5 {[%clk 01:29:01]} {[%emt 00:00:02]} c5 {[%clk
01:30:45]} {[%emt 00:00:08]} 4. c3 {[%clk 01:29:30]} {[%emt 00:00:01]} Nc6
{[%clk 01:31:05]} {[%emt 00:00:10]} 5. Nf3 {[%clk 01:29:59]} {[%emt 00:00:01]}
Qb6 {[%clk 01:31:25]} {[%emt 00:00:10]} 6. Be2 {[%clk 01:30:03]} {[%emt
00:00:25]} cxd4 {[%clk 01:31:46]} {[%emt 00:00:09]} 7. cxd4 {[%clk 01:30:32]}
{[%emt 00:00:02]} Nge7 {[%clk 01:32:08]} {[%emt 00:00:08]} 8. Na3 {[%clk
01:30:25]} {[%emt 00:00:37]} Nf5 {[%clk 01:32:07]} {[%emt 00:00:30]} 9. Nc2
{[%clk 01:30:53]} {[%emt 00:00:02]} Be7 {[%clk 01:32:11]} {[%emt 00:00:26]} 10.
O-O {[%clk 01:27:54]} {[%emt 00:03:29]} Bd7 {[%clk 01:32:05]} {[%emt 00:00:36]}
11. Bd3 {[%clk 01:25:15]} {[%emt 00:03:09]} a5 {[%clk 01:23:03]} {[%emt
00:09:32]} 12. Rb1 {[%clk 01:24:08]} {[%emt 00:01:37]} Nb4 {[%clk 01:21:07]}
{[%emt 00:02:27]} 13. Bxf5 {[%clk 01:10:37]} {[%emt 00:14:00]} exf5 {[%clk
01:01:24]} {[%emt 00:20:12]} 14. a3 {[%clk 01:09:44]} {[%emt 00:01:23]} Nxc2
{[%clk 00:59:41]} {[%emt 00:02:14]} 15. Qxc2 {[%clk 01:10:11]} {[%emt
00:00:02]} Rc8 {[%clk 01:00:04]} {[%emt 00:00:08]} 16. Qd3 {[%clk 01:10:20]}
{[%emt 00:00:22]} h6 {[%clk 00:59:43]} {[%emt 00:00:51]} 17. b3 {[%clk
00:58:17]} {[%emt 00:12:32]} Qb5 {[%clk 00:54:22]} {[%emt 00:05:51]} 18. Qd1
{[%clk 00:52:56]} {[%emt 00:05:51]} g5 {[%clk 00:54:07]} {[%emt 00:00:44]} 19.
a4 {[%clk 00:51:58]} {[%emt 00:01:29]} Qa6 {[%clk 00:54:27]} {[%emt 00:00:10]}
20. Bd2 {[%clk 00:50:47]} {[%emt 00:01:40]} f4 {[%clk 00:52:57]} {[%emt
00:02:00]} 21. Rc1 {[%clk 00:45:03]} {[%emt 00:06:14]} O-O {[%clk 00:47:50]}
{[%emt 00:05:37]} 22. Rxc8 {[%clk 00:45:11]} {[%emt 00:00:23]} Rxc8 {[%clk
00:48:07]} {[%emt 00:00:13]} 23. Qb1 {[%clk 00:45:39]} {[%emt 00:00:02]} b5
{[%clk 00:38:39]} {[%emt 00:09:58]} 24. Qd3 {[%clk 00:30:07]} {[%emt 00:16:02]}
Qb6 {[%clk 00:39:00]} {[%emt 00:00:09]} 25. axb5 {[%clk 00:29:58]} {[%emt
00:00:40]} Bxb5 {[%clk 00:28:16]} {[%emt 00:11:14]} 26. Qf5 {[%clk 00:30:19]}
{[%emt 00:00:09]} Qe6 {[%clk 00:28:38]} {[%emt 00:00:09]} 27. Qxe6 {[%clk
00:29:50]} {[%emt 00:00:59]} fxe6 {[%clk 00:29:06]} {[%emt 00:00:01]} 28. Rc1
{[%clk 00:26:46]} {[%emt 00:03:34]} Rxc1+ {[%clk 00:29:17]} {[%emt 00:00:20]}
29. Bxc1 {[%clk 00:27:15]} {[%emt 00:00:01]} Be2 {[%clk 00:22:59]} {[%emt
00:06:48]} 30. Bd2 {[%clk 00:20:47]} {[%emt 00:06:58]} Bd8 {[%clk 00:23:11]}
{[%emt 00:00:18]} 31. Bc3 {[%clk 00:20:05]} {[%emt 00:01:13]} Bb6 {[%clk
00:17:56]} {[%emt 00:05:45]} 32. Nd2 {[%clk 00:11:34]} {[%emt 00:09:01]} Kf7
{[%clk 00:18:18]} {[%emt 00:00:08]} 33. f3 {[%clk 00:11:50]} {[%emt 00:00:13]}
Ke7 {[%clk 00:17:51]} {[%emt 00:00:57]} 34. Kf2 {[%clk 00:12:13]} {[%emt
00:00:07]} Bd3 {[%clk 00:18:15]} {[%emt 00:00:06]} 35. g4 {[%clk 00:06:15]}
{[%emt 00:06:29]} Kd7 {[%clk 00:17:56]} {[%emt 00:00:49]} 36. Ke1 {[%clk
00:05:18]} {[%emt 00:01:27]} Kc6 {[%clk 00:18:13]} {[%emt 00:00:13]} 37. Kd1
{[%clk 00:05:46]} {[%emt 00:00:02]} Kb5 {[%clk 00:18:16]} {[%emt 00:00:27]} 38.
Kc1 {[%clk 00:06:14]} {[%emt 00:00:02]} Bg6 {[%clk 00:15:06]} {[%emt 00:03:40]}
39. Nb1 {[%clk 00:04:13]} {[%emt 00:02:31]} Bd8 {[%clk 00:08:41]} {[%emt
00:06:56]} 40. Na3+ {[%clk 00:04:14]} {[%emt 00:00:29]} Ka6 {[%clk 00:09:09]}
{[%emt 00:00:01]} 41. Kd2 {[%clk 00:04:25]} {[%emt 00:00:19]} Be7 {[%clk
00:09:31]} {[%emt 00:00:09]} 42. Nc2 {[%clk 00:04:26]} {[%emt 00:00:29]} Kb5
{[%clk 00:09:27]} {[%emt 00:00:34]} 43. Ne1 {[%clk 00:01:49]} {[%emt 00:03:07]}
Bb4 {[%clk 00:08:59]} {[%emt 00:00:58]} 44. Ng2 {[%clk 00:01:19]} {[%emt
00:01:00]} a4 {[%clk 00:09:12]} {[%emt 00:00:17]} 45. Bxb4 {[%clk 00:01:17]}
{[%emt 00:00:32]} Kxb4 {[%clk 00:08:03]} {[%emt 00:01:39]} 46. bxa4 {[%clk
00:01:46]} {[%emt 00:00:01]} Kc4 {[%clk 00:06:25]} {[%emt 00:02:08]} 47. a5
{[%clk 00:02:03]} {[%emt 00:00:13]} Kxd4 {[%clk 00:06:37]} {[%emt 00:00:18]} 48.
a6 {[%clk 00:01:51]} {[%emt 00:00:42]} Be8 {[%clk 00:07:03]} {[%emt 00:00:03]}
49. Ne1 {[%clk 00:00:52]} {[%emt 00:01:29]} Kxe5 {[%emt 00:01:09]} 50. Nd3+
{[%clk 00:00:40]} Kd6 {[%clk 00:07:29]} {[%emt 00:00:05]} 51. Nb4 {[%clk
00:00:37]} {[%emt 00:00:35]} Bc6 {[%clk 00:07:20]} {[%emt 00:00:39]} 52. a7
{[%clk 00:00:35]} {[%emt 00:00:32]} Ba8 {[%clk 00:07:35]} {[%emt 00:00:15]} 53.
Nd3 {[%clk 00:00:36]} {[%emt 00:00:28]} e5 {[%clk 00:07:53]} {[%emt 00:00:12]}
54. Ke2 {[%clk 00:00:50]} {[%emt 00:00:16]} e4 {[%clk 00:07:50]} {[%emt
00:00:33]} 55. fxe4 {[%clk 00:00:39]} {[%emt 00:00:42]} dxe4 {[%clk 00:08:14]}
{[%emt 00:00:05]} 56. Nb4 {[%clk 00:00:49]} {[%emt 00:00:20]} Kc5 {[%clk
00:08:29]} {[%emt 00:00:15]} 57. Nc2 {[%clk 00:00:45]} {[%emt 00:00:33]} Kc4
{[%clk 00:07:53]} {[%emt 00:01:06]} 58. Kd2 {[%clk 00:00:59]} {[%emt 00:00:16]}
Bc6 {[%clk 00:04:09]} {[%emt 00:04:13]} 59. Na3+ {[%clk 00:01:15]} {[%emt
00:00:15]} Kc5 {[%clk 00:03:10]} {[%emt 00:01:28]} 60. Nc2 {[%clk 00:01:44]}
Bb7 {[%clk 00:03:02]} {[%emt 00:00:38]} 61. Ke2 {[%clk 00:02:07]} {[%emt
00:00:08]} e3 {[%clk 00:03:05]} {[%emt 00:00:28]} 62. Ne1 {[%clk 00:00:39]}
{[%emt 00:01:58]} Kb6 {[%clk 00:03:15]} {[%emt 00:00:19]} 63. Nd3 {[%clk
00:01:07]} {[%emt 00:00:01]} Kxa7 {[%clk 00:03:33]} {[%emt 00:00:12]} 64. Ne5
{[%clk 00:01:31]} {[%emt 00:00:06]} Bd5 {[%clk 00:03:27]} {[%emt 00:00:36]} 65.
Ng6 {[%clk 00:00:42]} {[%emt 00:01:19]} Kb6 {[%clk 00:03:32]} {[%emt 00:00:26]}
66. h4 {[%clk 00:00:58]} {[%emt 00:00:14]} Kc5 {[%clk 00:03:44]} {[%emt
00:00:17]} 67. hxg5 {[%clk 00:00:47]} {[%emt 00:00:42]} hxg5 {[%clk 00:04:13]}
{[%emt 00:00:01]} 68. Nf8 {[%clk 00:01:13]} {[%emt 00:00:04]} Kd4 {[%clk
00:04:28]} {[%emt 00:00:15]} 69. Nh7 {[%clk 00:01:40]} {[%emt 00:00:03]} f3+
{[%clk 00:04:53]} {[%emt 00:00:05]} 70. Kf1 {[%clk 00:01:55]} {[%emt 00:00:14]}
Bc4+ {[%clk 00:05:19]} {[%emt 00:00:05]}  0-1

[Event "Hull 4NCL International GM Event"]
[Site "Hull"]
[Date "2019.11.03"]
[Round "8"]
[Board "5"]
[White "Palliser, Richard J D"]
[Black "Greet, Andrew N"]
[Result "0-1"]
[WhiteElo "2413"]
[BlackElo "2414"]
[PlyCount "0"]
[EventDate "2019.10.30"]
[EventRounds "9"]
[EventCountry "ENG"]

1. d4 {[%clk 01:29:20]} {[%emt 00:01:14]} d5 {[%clk 01:30:50]} {[%emt
00:00:10]} 2. c4 {[%clk 01:29:45]} {[%emt 00:00:06]} e6 {[%clk 01:31:15]}
{[%emt 00:00:05]} 3. Nc3 {[%clk 01:30:08]} {[%emt 00:00:06]} Bb4 {[%clk
01:31:39]} {[%emt 00:00:07]} 4. a3 {[%clk 01:30:21]} {[%emt 00:00:17]} Bxc3+
{[%clk 01:31:59]} {[%emt 00:00:10]} 5. bxc3 {[%clk 01:30:47]} {[%emt 00:00:04]}
Nf6 {[%clk 01:17:18]} {[%emt 00:15:11]} 6. cxd5 {[%clk 01:29:41]} {[%emt
00:01:35]} exd5 {[%clk 01:16:45]} {[%emt 00:01:03]} 7. e3 {[%clk 01:30:06]}
{[%emt 00:00:05]} Bf5 {[%clk 01:16:35]} {[%emt 00:00:39]} 8. Ne2 {[%clk
01:30:30]} {[%emt 00:00:05]} Nbd7 {[%clk 01:13:18]} {[%emt 00:03:47]} 9. f3
{[%clk 01:29:50]} {[%emt 00:01:11]} h5 {[%clk 01:10:04]} {[%emt 00:03:44]} 10.
Nf4 {[%clk 01:21:38]} {[%emt 00:08:42]} g5 {[%clk 01:02:33]} {[%emt 00:08:01]}
11. Bd3 {[%clk 01:21:03]} {[%emt 00:01:05]} Bxd3 {[%clk 01:02:01]} {[%emt
00:01:02]} 12. Nxd3 {[%clk 01:21:29]} {[%emt 00:00:02]} Qe7 {[%clk 00:58:42]}
{[%emt 00:03:52]} 13. O-O {[%clk 01:13:44]} {[%emt 00:08:15]} g4 {[%clk
00:56:01]} {[%emt 00:03:10]} 14. Nf4 {[%clk 01:08:50]} {[%emt 00:05:24]} Nb6
{[%clk 00:55:21]} {[%emt 00:01:11]} 15. Kh1 {[%clk 01:04:23]} {[%emt 00:04:58]}
c6 {[%clk 00:54:41]} {[%emt 00:01:09]} 16. Qd3 {[%clk 01:04:02]} {[%emt
00:00:51]} h4 {[%clk 00:44:25]} {[%emt 00:10:46]} 17. Ra2 {[%clk 00:46:39]}
{[%emt 00:17:54]} h3 {[%clk 00:44:12]} {[%emt 00:00:43]} 18. fxg4 {[%clk
00:46:19]} {[%emt 00:00:50]} hxg2+ {[%clk 00:43:49]} {[%emt 00:00:53]} 19. Rxg2
{[%clk 00:46:44]} {[%emt 00:00:06]} Ne4 {[%clk 00:43:59]} {[%emt 00:00:19]} 20.
Nh5 {[%clk 00:40:23]} {[%emt 00:06:51]} Nc4 {[%clk 00:41:58]} {[%emt 00:02:30]}
21. Ng7+ {[%clk 00:38:19]} {[%emt 00:02:35]} Kd7 {[%clk 00:42:00]} {[%emt
00:00:28]} 22. Nf5 {[%clk 00:38:44]} {[%emt 00:00:05]} Qe6 {[%clk 00:42:03]}
{[%emt 00:00:27]} 23. Qd1 {[%clk 00:28:04]} {[%emt 00:11:09]} Rh7 {[%clk
00:37:27]} {[%emt 00:05:07]} 24. h4 {[%clk 00:20:07]} {[%emt 00:08:28]} Rg8
{[%clk 00:29:12]} {[%emt 00:08:44]} 25. Kg1 {[%clk 00:19:18]} {[%emt 00:01:19]}
Nxc3 {[%clk 00:26:53]} {[%emt 00:02:49]} 26. Qb3 {[%clk 00:17:12]} {[%emt
00:02:36]} Nb5 {[%clk 00:27:16]} {[%emt 00:00:07]} 27. e4 {[%clk 00:13:05]}
{[%emt 00:04:38]} Qxe4 {[%clk 00:22:05]} {[%emt 00:05:39]} 28. Nh6 {[%clk
00:09:55]} {[%emt 00:03:40]} Rgh8 {[%clk 00:16:19]} {[%emt 00:06:16]} 29. h5
{[%clk 00:06:17]} {[%emt 00:04:09]} Qxd4+ {[%clk 00:15:33]} {[%emt 00:01:16]}
30. Kh2 {[%clk 00:06:21]} {[%emt 00:00:25]} Nbd6 {[%clk 00:15:30]} {[%emt
00:00:33]} 31. g5 {[%clk 00:05:35]} {[%emt 00:01:17]} Qh4+ {[%clk 00:11:11]}
{[%emt 00:04:49]} 32. Qh3+ {[%clk 00:05:55]} {[%emt 00:00:10]} Qxh3+ {[%clk
00:11:36]} {[%emt 00:00:04]} 33. Kxh3 {[%clk 00:06:24]} {[%emt 00:00:01]} Ne4
{[%clk 00:11:22]} {[%emt 00:00:44]} 34. Rxf7+ {[%clk 00:05:46]} {[%emt
00:01:10]} Rxf7 {[%clk 00:11:45]} {[%emt 00:00:06]} 35. Nxf7 {[%clk 00:06:14]}
{[%emt 00:00:02]} Rxh5+ {[%clk 00:11:48]} {[%emt 00:00:27]} 36. Kg4 {[%clk
00:06:42]} {[%emt 00:00:03]} Rh1 {[%clk 00:11:27]} {[%emt 00:00:50]} 37. Bf4
{[%clk 00:05:32]} {[%emt 00:01:40]} Ke7 {[%clk 00:09:06]} {[%emt 00:02:51]} 38.
g6 {[%clk 00:03:37]} {[%emt 00:02:24]} Kf6 {[%clk 00:06:15]} {[%emt 00:03:21]}
39. Kf3 {[%clk 00:03:45]} {[%emt 00:00:23]} Rh3+ {[%clk 00:04:33]} {[%emt
00:02:12]} 40. Kg4 {[%clk 00:02:39]} {[%emt 00:01:36]} Rxa3 {[%clk 00:04:23]}
{[%emt 00:00:40]} 41. Kh4 {[%clk 00:02:57]} {[%emt 00:00:13]} Ra1 {[%clk
00:03:44]} {[%emt 00:01:09]} 42. g7 {[%clk 00:01:00]} {[%emt 00:02:27]} Rh1+
{[%clk 00:03:49]} {[%emt 00:00:24]} 43. Bh2 {[%clk 00:01:27]} {[%emt 00:00:03]}
Rxh2+ {[%clk 00:03:55]} {[%emt 00:00:24]} 44. Rxh2 {[%clk 00:01:56]} Kxf7
{[%clk 00:03:56]} {[%emt 00:00:30]} 45. Rg2 {[%clk 00:02:24]} {[%emt 00:00:02]}
Nf6 {[%clk 00:04:17]} {[%emt 00:00:08]}  0-1

[Event "Hull 4NCL International GM Event"]
[Site "Hull"]
[Date "2019.11.03"]
[Round "9"]
[Board "3"]
[White "Haria, Ravi"]
[Black "Roberson, Peter T"]
[Result "1/2-1/2"]
[WhiteElo "2463"]
[BlackElo "2437"]
[PlyCount "0"]
[EventDate "2019.10.30"]
[EventRounds "9"]
[EventCountry "ENG"]

1. e4 {[%clk 01:30:52]} {[%emt 00:00:08]} c5 {[%clk 01:30:55]} {[%emt
00:00:06]} 2. Nf3 {[%clk 01:31:01]} {[%emt 00:00:20]} e6 {[%clk 01:31:21]}
{[%emt 00:00:04]} 3. b3 {[%clk 01:30:02]} {[%emt 00:01:29]} d6 {[%clk
01:31:15]} {[%emt 00:00:37]} 4. Bb2 {[%clk 01:23:12]} {[%emt 00:07:20]} Nf6
{[%clk 01:31:33]} {[%emt 00:00:12]} 5. e5 {[%clk 01:21:36]} {[%emt 00:02:06]}
dxe5 {[%clk 01:31:54]} {[%emt 00:00:09]} 6. Nxe5 {[%clk 01:21:40]} {[%emt
00:00:25]} Be7 {[%clk 01:32:16]} {[%emt 00:00:08]} 7. Bd3 {[%emt 00:11:37]} O-O
{[%clk 01:32:31]} {[%emt 00:00:01]} 8. O-O {[%clk 01:09:40]} {[%emt 00:01:37]}
Bd7 {[%clk 01:23:31]} {[%emt 00:09:30]} 9. f4 {[%clk 01:04:05]} {[%emt
00:06:04]} Nc6 {[%clk 01:22:59]} {[%emt 00:01:03]} 10. Nc3 {[%clk 00:59:37]}
{[%emt 00:04:58]} Nb4 {[%clk 01:17:24]} {[%emt 00:06:05]} 11. Bc4 {[%clk
00:58:40]} {[%emt 00:01:27]} Qc7 {[%clk 01:14:21]} {[%emt 00:03:33]} 12. a3
{[%clk 00:58:07]} {[%emt 00:01:03]} Nc6 {[%clk 01:11:26]} {[%emt 00:03:26]} 13.
Qe1 {[%clk 00:49:04]} {[%emt 00:09:32]} Nd4 {[%clk 01:08:08]} {[%emt 00:03:47]}
14. Bd3 {[%clk 00:48:05]} {[%emt 00:01:29]} Bc6 {[%clk 01:00:31]} {[%emt
00:08:07]} 15. Ne2 {[%clk 00:41:15]} {[%emt 00:07:20]} Rad8 {[%clk 00:55:01]}
{[%emt 00:06:01]} 16. Nxd4 {[%clk 00:39:49]} {[%emt 00:01:56]} cxd4 {[%clk
00:55:27]} {[%emt 00:00:03]} 17. Qe2 {[%clk 00:39:47]} {[%emt 00:00:32]} Rfe8
{[%clk 00:49:58]} {[%emt 00:05:58]} 18. Rae1 {[%clk 00:39:24]} {[%emt
00:00:53]} a6 {[%clk 00:46:50]} {[%emt 00:03:39]} 19. c4 {[%clk 00:18:58]}
{[%emt 00:20:55]} dxc3 {[%clk 00:41:50]} {[%emt 00:05:30]} 20. dxc3 {[%clk
00:18:52]} {[%emt 00:00:36]} Bf8 {[%clk 00:31:17]} {[%emt 00:11:03]} 21. b4
{[%clk 00:17:47]} {[%emt 00:01:35]} g6 {[%clk 00:30:10]} {[%emt 00:01:37]} 22.
c4 {[%clk 00:15:32]} {[%emt 00:02:46]} Bg7 {[%clk 00:30:34]} {[%emt 00:00:06]}
23. Bb1 {[%clk 00:14:13]} {[%emt 00:01:49]} Nd7 {[%clk 00:26:48]} {[%emt
00:04:16]} 24. Ng4 {[%clk 00:06:40]} {[%emt 00:08:03]} h5 {[%clk 00:16:18]}
{[%emt 00:11:00]} 25. Bxg7 {[%clk 00:06:33]} {[%emt 00:00:37]} Kxg7 {[%clk
00:16:46]} {[%emt 00:00:02]} 26. Qb2+ {[%clk 00:06:44]} {[%emt 00:00:19]} f6
{[%clk 00:16:14]} {[%emt 00:01:02]} 27. Ne3 {[%clk 00:06:05]} {[%emt 00:01:09]}
Nf8 {[%clk 00:16:05]} {[%emt 00:00:39]} 28. Rf2 {[%clk 00:05:44]} {[%emt
00:00:51]} b6 {[%clk 00:12:41]} {[%emt 00:03:54]} 29. Qc3 {[%clk 00:04:02]}
{[%emt 00:02:12]} Qd6 {[%clk 00:11:53]} {[%emt 00:01:18]} 30. Rd1 {[%clk
00:03:43]} {[%emt 00:00:48]} Qc7 {[%clk 00:12:19]} {[%emt 00:00:04]} 31. Re1
{[%clk 00:04:09]} {[%emt 00:00:04]} Qd6 {[%clk 00:12:47]} {[%emt 00:00:03]} 32.
Rd1 {[%clk 00:04:32]} {[%emt 00:00:06]} Qc7 {[%clk 00:13:15]} {[%emt 00:00:02]}
 1/2-1/2

[Event "Hull 4NCL International GM Event"]
[Site "Hull"]
[Date "2019.11.03"]
[Round "9"]
[Board "4"]
[White "Gonda, Laszlo"]
[Black "Plat, Vojtech"]
[Result "1/2-1/2"]
[WhiteElo "2541"]
[BlackElo "2573"]
[PlyCount "0"]
[EventDate "2019.10.30"]
[EventRounds "9"]
[EventCountry "ENG"]

1. d4 {[%clk 01:30:57]} {[%emt 00:00:02]} Nf6 {[%clk 01:30:56]} {[%emt
00:00:05]} 2. Nf3 {[%clk 01:31:23]} {[%emt 00:00:04]} g6 {[%clk 01:31:17]}
{[%emt 00:00:09]} 3. g3 {[%clk 01:31:48]} {[%emt 00:00:05]} Bg7 {[%clk
01:31:44]} {[%emt 00:00:03]} 4. Bg2 {[%clk 01:32:14]} {[%emt 00:00:04]} O-O
{[%clk 01:32:09]} {[%emt 00:00:05]} 5. c4 {[%clk 01:32:34]} {[%emt 00:00:11]}
d5 {[%clk 01:32:34]} {[%emt 00:00:05]} 6. O-O {[%clk 01:32:50]} {[%emt
00:00:13]} dxc4 {[%clk 01:32:59]} {[%emt 00:00:05]} 7. Na3 {[%clk 01:33:17]}
{[%emt 00:00:03]} Na6 {[%clk 01:33:22]} {[%emt 00:00:07]} 8. Nxc4 {[%clk
01:32:56]} {[%emt 00:00:51]} c5 {[%clk 01:33:48]} {[%emt 00:00:04]} 9. b3
{[%clk 01:30:42]} {[%emt 00:02:44]} Be6 {[%clk 01:34:12]} {[%emt 00:00:06]} 10.
Bb2 {[%clk 01:30:05]} {[%emt 00:01:07]} Rc8 {[%clk 01:34:39]} {[%emt 00:00:03]}
11. Rc1 {[%clk 01:29:18]} {[%emt 00:01:17]}  1/2-1/2